Abbreviations and Acronyms in the Slang of Youth bakalárska práca

Na minha lista:
Detalhes bibliográficos
Autor principal: Stredáková, Barbora
Autor Corporativo: Fakulta aplikovaných jazykov EU v Bratislave. Katedra jazykovedy a translatológie
Outros Autores: Vargová, Dominika, 1987-
Formato: Livro
Idioma:inglês
Publicado em: Bratislava 2019
Tags: Adicionar Tag
Sem tags, seja o primeiro a adicionar uma tag!

MARC

LEADER 00000nbm a2200000 4500
001 0254662
005 20191106105226.4
041 0 |a eng 
044 |a SK 
245 1 0 |a Abbreviations and Acronyms in the Slang of Youth  |b bakalárska práca  |c Barbora Stredáková ; školiteľ: Dominika Vargová 
264 1 |a Bratislava  |c 2019 
300 |a 65 s. 
100 1 |a Stredáková, Barbora 
700 1 |a Vargová, Dominika, 1987- 
710 2 |a Fakulta aplikovaných jazykov EU v Bratislave. Katedra jazykovedy a translatológie